| 000 | 00341nam a2200145Ia 4500 | ||
|---|---|---|---|
| 005 | 20251222153538.0 | ||
| 008 | 251222s9999||||xx |||||||||||||| ||spa|| | ||
| 020 | _a8830806064 | ||
| 082 | _a232/M44 | ||
| 100 | _aMesters, Carlos | ||
| 245 | 0 | _aCon Gesù Controcorrente | |
| 250 | _a1ra.ed. | ||
| 264 | _bCittadella Editrice | ||
| 942 | _cLIB | ||
| 999 |
_c30359 _d30359 |
||